|
|
|
|
| LEADER |
00863nam a2200265 4500 |
| 001 |
DLU120145136 |
| 005 |
##20121226 |
| 040 |
# |
# |
|a DLU
|b vie
|
| 041 |
# |
# |
|a vie
|
| 044 |
# |
# |
|a vn
|
| 100 |
# |
# |
|a Tran Nghi
|
| 245 |
# |
# |
|a Method of sedimentary basin reconstruction and compination of lithofacies - paleogeographic maps /
|c Tran Nghi
|
| 653 |
# |
# |
|a Geological section
|
| 653 |
# |
# |
|a Reconstructing the sediment thickness
|
| 653 |
# |
# |
|a Secondary sedimentary basins
|
| 773 |
# |
# |
|t Tạp chí Khoa học Trái đất (Đại học Quốc gia Hà Nội)
|g Số 4(25), 2009, tr. 204-216
|
| 920 |
# |
# |
|a Phòng Tạp chí -- Trung tâm Thông tin - Thư viện Trường Đại học Đà Lạt
|
| 994 |
# |
# |
|a DLU
|
| 900 |
# |
# |
|a True
|
| 911 |
# |
# |
|a Nguyễn Thị Linh Chi
|
| 925 |
# |
# |
|a G
|
| 926 |
# |
# |
|a A
|
| 927 |
# |
# |
|a BB
|
| 980 |
# |
# |
|a Thư viện Trường Đại học Đà Lạt
|